सुनो कहानी पेड़ो की / (Record no. 120097)
[ view plain ]
| 000 -LEADER | |
|---|---|
| fixed length control field | 01125nam a22002537a 4500 |
| 005 - DATE AND TIME OF LATEST TRANSACTION | |
| control field | 20170124103153.0 |
| 010 ## - LIBRARY OF CONGRESS CONTROL NUMBER | |
| LC control number | B-183089 |
| 020 ## - INTERNATIONAL STANDARD BOOK NUMBER | |
| Terms of availability | 200.00 |
| 035 ## - SYSTEM CONTROL NUMBER | |
| System control number | B-183089 |
| 037 ## - SOURCE OF ACQUISITION | |
| Source of stock number/acquisition | Cen Lib/Ret |
| 040 ## - CATALOGING SOURCE | |
| Original cataloging agency | DPL |
| Language of cataloging | HN |
| 082 ## - DEWEY DECIMAL CLASSIFICATION NUMBER | |
| Classification number | 582.16 |
| Item number | शर्मादे |
| 100 ## - MAIN ENTRY--PERSONAL NAME | |
| Personal name | शर्मा, देवदत्त |
| 9 (RLIN) | 88526 |
| 245 ## - TITLE STATEMENT | |
| Title | सुनो कहानी पेड़ो की / |
| Statement of responsibility, etc | देवदत्त शर्मा |
| 246 ## - VARYING FORM OF TITLE | |
| Title proper/short title | Suno kahani paido ki / |
| Remainder of title | by Devdatt Sharma |
| 260 ## - PUBLICATION, DISTRIBUTION, ETC. (IMPRINT) | |
| Name of publisher, distributor, etc | रचना प्रकाशन |
| Place of publication, distribution, etc | जयपुर |
| Date of publication, distribution, etc | 2004 |
| 270 ## - ADDRESS | |
| Address | ५७, नतनी भवन, मिश्र रजा जी रास्ता, चाँद पोल बाज़ार |
| City | जयपुर |
| Postal code | 302001 |
| 300 ## - PHYSICAL DESCRIPTION | |
| Extent | 140पृ.: |
| Dimensions | 20सेमी (सजिल्द) |
| Other physical details | सचित्र |
| 650 ## - SUBJECT ADDED ENTRY--TOPICAL TERM | |
| Topical term or geographic name as entry element | पेड़ो का विज्ञान |
| 9 (RLIN) | 6356 |
| 650 ## - SUBJECT ADDED ENTRY--TOPICAL TERM | |
| Topical term or geographic name as entry element | पेड़--विभिन्न प्रकार |
| 9 (RLIN) | 76361 |
| 650 ## - SUBJECT ADDED ENTRY--TOPICAL TERM | |
| Topical term or geographic name as entry element | Science of trees |
| 9 (RLIN) | 88527 |
| 650 ## - SUBJECT ADDED ENTRY--TOPICAL TERM | |
| Topical term or geographic name as entry element | Trees - Variety |
| 9 (RLIN) | 88528 |
| 942 ## - ADDED ENTRY ELEMENTS (KOHA) | |
| Source of classification or shelving scheme | Dewey Decimal Classification |
| Koha item type | Hindi Books |
| Classification part | 582.16 |
| Call number suffix | शर्मादे |
| Withdrawn status | Lost status | Damaged status | Not for loan | Home library | Current library | Date acquired | Source of acquisition | Cost, normal purchase price | Total Checkouts | Total Renewals | Full call number | Barcode | Date last seen | Date checked out | Copy number | Cost, replacement price | Price effective from | Koha item type |
|---|---|---|---|---|---|---|---|---|---|---|---|---|---|---|---|---|---|---|
| Central Library | Central Library | 21/09/2015 | Cen Lib/Ref | 200.00 | 3 | 2 | 582.16 शर्मादे | B-183089 | 13/12/2024 | 07/12/2024 | 1 | 200.00 | 21/09/2015 | Hindi Books |
